[Event "Stuttgart-chA int"]
[Site "Ditzingen"]
[Date "2016.05.07"]
[Round "5"]
[White "Longo, Claudio"]
[Black "Doering, Andreas"]
[Result "1/2-1/2"]
[WhiteElo "1870"]
[BlackElo "2085"]
[PlyCount "91"]
[EventDate "2016.05.05"]
[EventType "swiss"]
[EventRounds "7"]
[EventCountry "GER"]
[SourceTitle "EXT 2018"]
[Source "ChessBase"]
[SourceDate "2017.10.13"]
[SourceVersion "1"]
[SourceVersionDate "2017.10.13"]
[SourceQuality "1"]

1. d4 Nf6 2. Nf3 g6 3. g3 Bg7 4. Bg2 0-0 5. 0-0 d5 6. Bf4 c6 7. Nbd2 Bf5 8. c4 Ne4 9. Be5 Bxe5 10. Nxe5 Nxd2 11. Qxd2 f6 12. Nf3 dxc4 13. Qc3 b5 14. a4 Be4 15. axb5 cxb5 16. Ra5 Qd5 17. Nh4 Bxg2 18. Nxg2 Qb7 19. Rfa1 a6 20. Nf4 Nc6 21. R5a2 Rfe8 22. Ne6 Qb6 23. Qe3 Nb4 24. Qe4 Nxa2 25. Rxa2 Qd6 26. d5 a5 27. h4 Ra7 28. Qf3 Qe5 29. e4 a4 30. Qe3 Ra6 31. f4 Qb8 32. Kg2 Rxe6 33. dxe6 Qd6 34. f5 Rd8 35. Kh3 Qe5 36. Ra3 gxf5 37. Qb6 Rd6 38. Qb8+ Kg7 39. Qe8 Rxe6 40. Re3 fxe4 41. h5 Rd6 42. h6+ Kxh6 43. Qf8+ Kg6 44. Qg8+ Kh6 45. Qf8+ Kg6 46. Qg8+ 1/2-1/2

[Event "Stuttgart-chA int"]
[Site "Ditzingen"]
[Date "2016.05.05"]
[Round "1"]
[White "Richter, Nils"]
[Black "Doering, Andreas"]
[Result "0-1"]
[WhiteElo "1826"]
[BlackElo "2085"]
[PlyCount "72"]
[EventDate "2016.05.05"]
[EventType "swiss"]
[EventRounds "7"]
[EventCountry "GER"]
[SourceTitle "EXT 2018"]
[Source "ChessBase"]
[SourceDate "2017.10.13"]
[SourceVersion "1"]
[SourceVersionDate "2017.10.13"]
[SourceQuality "1"]

1. e4 e6 2. d4 d5 3. Nd2 Nc6 4. c3 e5 5. Bb5 exd4 6. cxd4 Bd7 7. Ngf3 dxe4 8. Nxe4 Bb4+ 9. Bd2 Qe7 10. Qe2 0-0-0 11. Ng3 Bxd2+ 12. Nxd2 Nxd4 13. Qxe7 Nxe7 14. Bxd7+ Rxd7 15. 0-0-0 Rhd8 16. Nde4 b6 17. Rhe1 c5 18. h4 Nd5 19. Nh5 f6 20. Nc3 Nxc3 21. bxc3 Ne2+ 22. Kc2 Rxd1 23. Rxd1 Rxd1 24. Kxd1 Nxc3+ 25. Kc2 Nxa2 26. Nxg7 Nb4+ 27. Kd2 Kd7 28. g4 Nd5 29. Kd3 b5 30. Ke4 b4 31. Kd3 b3 32. Nh5 c4+ 33. Kd2 c3+ 34. Kd3 c2 35. Kd2 Ke7 36. Ng3 Nb4 0-1

[Event "GER-chT U20"]
[Site "Kelheim"]
[Date "2007.12.29"]
[Round "5.2"]
[White "Pfleger, Jochen"]
[Black "Doering, Andreas"]
[Result "1/2-1/2"]
[WhiteElo "1660"]
[BlackElo "1807"]
[PlyCount "98"]
[EventDate "2007.12.27"]
[EventType "team-swiss"]
[EventRounds "7"]
[EventCountry "GER"]
[SourceTitle "EXT 2022"]
[Source "ChessBase"]
[SourceDate "2021.10.06"]
[SourceVersion "1"]
[SourceVersionDate "2021.10.06"]
[SourceQuality "1"]
[WhiteTeam "Bad Mergentheim U20"]
[BlackTeam "Tamm 74 U20"]
[WhiteTeamCountry "GER"]
[BlackTeamCountry "GER"]

1. c4 e6 2. g3 f5 3. Bg2 Nf6 4. Nf3 d5 5. d4 c6 6. 0-0 Bd6 7. Bf4 Bxf4 8. gxf4 0-0 9. Nbd2 Ne4 10. e3 Bd7 11. Kh1 Be8 12. Nxe4 fxe4 13. Ng5 Qf6 14. f3 h6 15. Nh3 Bh5 16. Qc2 exf3 17. Bxf3 Bxf3+ 18. Rxf3 Nd7 19. Rg3 Kh8 20. Rag1 Rf7 21. Ng5 hxg5 22. Rh3+ Kg8 23. Qh7+ Kf8 24. Qh8+ Ke7 25. Qxa8 Qf5 26. Rhg3 gxf4 27. exf4 g5 28. Qxb7 Qe4+ 29. R3g2 Qxd4 30. Qxc6 gxf4 31. cxd5 Qxd5 32. Qxd5 exd5 33. Rg7 Rxg7 34. Rxg7+ Ke6 35. Rxd7 Kxd7 36. Kg2 d4 37. Kf3 d3 38. h4 Ke6 39. b4 Kf5 40. a4 d2 41. Ke2 Kg4 42. Kxd2 Kg3 43. h5 f3 44. h6 f2 45. h7 f1Q 46. h8Q Qg2+ 47. Kc3 Qc6+ 48. Kb3 Qd5+ 49. Kc2 Qe4+ 1/2-1/2

[Event "GER-chT U20"]
[Site "Kelheim"]
[Date "2007.12.27"]
[Round "2.2"]
[White "Nuber, Korbinian"]
[Black "Doering, Andreas"]
[Result "1-0"]
[WhiteElo "2108"]
[BlackElo "1807"]
[PlyCount "113"]
[EventDate "2007.12.27"]
[EventType "team-swiss"]
[EventRounds "7"]
[EventCountry "GER"]
[SourceTitle "EXT 2022"]
[Source "ChessBase"]
[SourceDate "2021.10.06"]
[SourceVersion "1"]
[SourceVersionDate "2021.10.06"]
[SourceQuality "1"]
[WhiteTeam "Dillingen U20"]
[BlackTeam "Tamm 74 U20"]
[WhiteTeamCountry "GER"]
[BlackTeamCountry "GER"]

1. e4 e6 2. d4 d5 3. Bd3 Nf6 4. e5 Nfd7 5. Nf3 c5 6. c3 Nc6 7. 0-0 Qb6 8. dxc5 Bxc5 9. Qe2 Be7 10. Nbd2 0-0 11. Re1 f6 12. exf6 Nxf6 13. Nf1 Bd6 14. c4 d4 15. Bg5 e5 16. Ng3 Bg4 17. Bxf6 gxf6 18. Qe4 f5 19. Qd5+ Kh8 20. Qxd6 e4 21. Nxe4 Bxf3 22. gxf3 fxe4 23. Bxe4 Rad8 24. Qh6 Qc7 25. Kh1 Ne5 26. Bxh7 Qxh7 27. Qxh7+ Kxh7 28. Rxe5 Rxf3 29. Re2 d3 30. Rd2 Kg6 31. Kg2 Rf4 32. Rad1 Rfd4 33. f3 Rxc4 34. Kf2 Rh4 35. Ke3 Kf5 36. Rg2 Rhd4 37. Rg7 R4d6 38. Rf7+ Kg6 39. Rxb7 Re8+ 40. Kd2 Re2+ 41. Kc1 Rxh2 42. Rxa7 Rc6+ 43. Kb1 Rcc2 44. Rb7 Rcf2 45. Rb3 Rd2 46. Rc1 Rhf2 47. a4 Rxf3 48. a5 Rf5 49. Rg1+ Kf7 50. Rb7+ Kf6 51. a6 Ra5 52. a7 Ra4 53. Rh1 Kg6 54. Rc1 Kf6 55. Rc6+ Ke5 56. Rb5+ Kd4 57. Rc4+ 1-0

[Event "Ditzingen op-B"]
[Site "Ditzingen"]
[Date "2006.05.28"]
[Round "7.4"]
[White "Doering, Andreas"]
[Black "Reiswich, Waldemar"]
[Result "1/2-1/2"]
[WhiteElo "1856"]
[BlackElo "1798"]
[PlyCount "55"]
[EventDate "2006.05.25"]
[EventType "swiss"]
[EventRounds "7"]
[EventCountry "GER"]
[SourceTitle "CBM 112 Extra"]
[Source "ChessBase"]
[SourceDate "2006.07.14"]
[SourceVersion "1"]
[SourceVersionDate "2006.07.14"]
[SourceQuality "1"]

1. e4 e6 2. d4 d5 3. Nd2 Nf6 4. e5 Nfd7 5. Bd3 c5 6. c3 Nc6 7. Ne2 Qb6 8. Nf3 cxd4 9. cxd4 f6 10. exf6 Nxf6 11. 0-0 Bd6 12. Nc3 0-0 13. a3 e5 14. dxe5 Nxe5 15. Nxe5 Bxe5 16. Nxd5 Bxh2+ 17. Kxh2 Nxd5 18. Bxh7+ Kxh7 19. Qxd5 Be6 20. Qe4+ Kg8 21. Be3 Qd6+ 22. Kg1 Bd5 23. Qd3 Qe6 24. Rac1 Rad8 25. Qe2 Rde8 26. Rc3 Rf4 27. Qh5 Rg4 28. f3 1/2-1/2

[Event "Ditzingen op-B"]
[Site "Ditzingen"]
[Date "2006.05.25"]
[Round "2.8"]
[White "Pottgiesser, Ulrich"]
[Black "Doering, Andreas"]
[Result "0-1"]
[WhiteElo "1614"]
[BlackElo "1856"]
[PlyCount "90"]
[EventDate "2006.05.25"]
[EventType "swiss"]
[EventRounds "7"]
[EventCountry "GER"]
[SourceTitle "CBM 112 Extra"]
[Source "ChessBase"]
[SourceDate "2006.07.14"]
[SourceVersion "1"]
[SourceVersionDate "2006.07.14"]
[SourceQuality "1"]

1. e4 e6 2. d4 d5 3. e5 c5 4. c3 Nc6 5. Nf3 Qb6 6. Bd3 Bd7 7. dxc5 Bxc5 8. 0-0 f6 9. b4 Be7 10. Bf4 fxe5 11. Nxe5 Nxe5 12. Bxe5 Nf6 13. Nd2 0-0 14. Nf3 Bd6 15. Qe2 Rac8 16. Rac1 Bxe5 17. Nxe5 Qd6 18. f4 Be8 19. Qe1 Nd7 20. Qh4 g6 21. Qg5 Nxe5 22. fxe5 Qb6+ 23. Kh1 Rxf1+ 24. Bxf1 Qf2 25. h4 Qf5 26. Qf6 Qxf6 27. exf6 Kf7 28. g4 Kxf6 29. g5+ Kg7 30. Bh3 Bd7 31. Re1 Kf7 32. Re3 Ke7 33. Kh2 Rf8 34. Kg3 Kd6 35. a4 Rf7 36. a5 e5 37. Bxd7 Rxd7 38. Rf3 d4 39. cxd4 exd4 40. Kf2 Kd5 41. b5 Kc5 42. Rb3 Kc4 43. a6 Re7 44. Kf3 d3 45. Kg4 d2 0-1

[Event "Wuerttemberg-ch U16"]
[Site "Friedrichshafen"]
[Date "2005.03.30"]
[Round "4"]
[White "Doering, Andreas"]
[Black "Kilian, Markus"]
[Result "1-0"]
[WhiteElo "1691"]
[BlackElo "1514"]
[PlyCount "63"]
[EventDate "2005.03.29"]
[EventType "swiss"]
[EventRounds "7"]
[EventCountry "GER"]
[SourceTitle "EXT 2007"]
[Source "ChessBase"]
[SourceDate "2006.11.23"]
[SourceVersion "1"]
[SourceVersionDate "2006.11.23"]
[SourceQuality "1"]

1. e4 d6 2. d4 g6 3. Nc3 Bg7 4. Be3 Nf6 5. Qd2 Ng4 6. Bg5 0-0 7. f3 Nf6 8. Nge2 Nbd7 9. g4 c5 10. 0-0-0 a6 11. dxc5 Nxc5 12. e5 Ne8 13. exd6 Nxd6 14. Qd5 Qc7 15. Bxe7 Qxe7 16. Qxc5 Rd8 17. Bg2 Bh6+ 18. Kb1 Be3 19. Qa3 Be6 20. Ne4 Bc4 21. Qxe3 f5 22. gxf5 gxf5 23. N2c3 fxe4 24. fxe4 Nb5 25. Rdg1 Bf7 26. Bh3+ Bg6 27. Bf5 Qf6 28. Nxb5 axb5 29. h4 Qa6 30. Qb3+ Kh8 31. h5 Qf6 32. hxg6 1-0

[Event "GER-chT U16"]
[Site "Dittrichshuette"]
[Date "2004.12.27"]
[Round "1"]
[White "Doering, Andreas"]
[Black "Schmidt, Armin"]
[Result "1/2-1/2"]
[WhiteElo "1625"]
[BlackElo "1791"]
[PlyCount "20"]
[EventDate "2004.12.27"]
[EventType "team"]
[EventRounds "6"]
[EventCountry "GER"]
[SourceTitle "EXT 2006"]
[Source "ChessBase"]
[SourceDate "2005.11.24"]
[SourceVersion "1"]
[SourceVersionDate "2005.11.24"]
[SourceQuality "1"]

1. e4 c6 2. d4 d5 3. exd5 cxd5 4. c4 Nf6 5. Nc3 Nc6 6. Be3 e6 7. Nf3 Be7 8. Be2 0-0 9. 0-0 dxc4 10. Bxc4 Nb4 1/2-1/2

[Event "Wuertemberg-ch U16"]
[Site "Germany"]
[Date "2004.04.17"]
[Round "7"]
[White "Skorzinski, Frederik"]
[Black "Doering, Andreas"]
[Result "1/2-1/2"]
[WhiteElo "1520"]
[BlackElo "1281"]
[PlyCount "31"]
[EventDate "2004.04.??"]
[EventType "swiss"]
[EventRounds "7"]
[EventCountry "GER"]
[SourceTitle "EXT 2005"]
[Source "ChessBase"]
[SourceDate "2004.11.15"]
[SourceVersion "1"]
[SourceVersionDate "2004.11.15"]
[SourceQuality "1"]

1. e4 e6 2. d4 d5 3. e5 c5 4. Nf3 Nc6 5. c3 Qb6 6. b3 cxd4 7. cxd4 Bb4+ 8. Bd2 Nxd4 9. Bd3 Bxd2+ 10. Nbxd2 Nxf3+ 11. Nxf3 Ne7 12. 0-0 Bd7 13. Qe2 Ng6 14. g3 0-0-0 15. a4 f6 16. b4 1/2-1/2

[Event "BEM-ch U14"]
[Site "Vaihingen/Enz"]
[Date "2003.01.18"]
[Round "2"]
[White "Geshnizjani, Ramin Tobias"]
[Black "Doering, Andreas"]
[Result "1-0"]
[WhiteElo "1477"]
[BlackElo "1232"]
[PlyCount "69"]
[EventDate "2003.01.??"]
[EventType "swiss"]
[EventRounds "7"]
[EventCountry "GER"]
[SourceTitle "EXT 2005"]
[Source "ChessBase"]
[SourceDate "2004.11.15"]
[SourceVersion "1"]
[SourceVersionDate "2004.11.15"]
[SourceQuality "1"]

1. e4 e6 2. d4 d5 3. exd5 exd5 4. Bd3 Bd6 5. Nf3 Ne7 6. 0-0 Nbc6 7. c3 Be6 8. Re1 Qd7 9. Nbd2 0-0-0 10. b4 Bf5 11. Nb3 a6 12. b5 Bxd3 13. bxc6 Qxc6 14. Qxd3 h6 15. Bd2 Rdf8 16. Ne5 Bxe5 17. Rxe5 Ng6 18. Qf5+ Kb8 19. Re3 Nh4 20. Qd3 f5 21. Nc5 Ka7 22. Re6 Qb5 23. Qxb5 axb5 24. a4 Re8 25. axb5+ Kb8 26. Rae1 Rxe6 27. Rxe6 b6 28. Nd7+ Kc8 29. Ne5 f4 30. Bxf4 Nf5 31. Ng6 Rd8 32. g4 Nd6 33. Bxd6 cxd6 34. f4 Kd7 35. Re7+ 1-0